Nineteen Eighty Four

Guardat en:
Dades bibliogràfiques
Autor principal: Orwell, George (Autor)
Format: Llibre
Idioma:anglès
Publicat: Nueva York Harcourt Brace 1976
Col·lecció:Signet Books
Matèries:
Etiquetes: Afegir etiqueta
Sense etiquetes, Sigues el primer a etiquetar aquest registre!

MARC

LEADER 00000nam a2200000 a 4500
001 UCX5660
003 CL-VaPUC
005 20221130124311.0
008 921230e19760000US |||||||||||||||||eng|d
999 |c 225862  |d 225860 
040 |c Pontificia Universidad Católica de Valparaíso 
082 0 4 |a 823  |b ORW  |2 21 
100 |a Orwell, George  |e author  |9 878907 
245 1 0 |a Nineteen Eighty Four 
260 |a Nueva York  |b Harcourt Brace  |c 1976 
300 |a 236 p 
490 0 |a Signet Books 
583 |a last modification  |c 19921230 00:00:00  |k Rodrigo Vera 
650 0 |a Novelas inglesas  |9 265220 
942 |c BK  |2 ddc 
945 |d 19921230 00:00:00 
952 |0 0  |1 0  |4 0  |6 823_000000000000000_ORW_1976  |7 0  |8 R  |9 223744  |a BIBEDU  |b BIBEDU  |c MCIRC  |d 2019-11-15  |i 2925753  |l 3  |m 1  |o 823 ORW 1976  |p 2925753  |r 2024-04-17  |s 2024-04-17  |w 2019-11-15  |y BK_R  |k LIT